Past minds : (Record no. 14039)
[ view plain ]
| 000 -LEADER | |
|---|---|
| fixed length control field | 02404cam a2200301 a 4500 |
| 001 - CONTROL NUMBER | |
| control field | 15962122 |
| 005 - DATE AND TIME OF LATEST TRANSACTION | |
| control field | 20170105102845.0 |
| 008 - FIXED-LENGTH DATA ELEMENTS--GENERAL INFORMATION | |
| fixed length control field | 091027s2011 enka b 001 0 eng |
| 010 ## - LIBRARY OF CONGRESS CONTROL NUMBER | |
| LC control number | 2009045390 |
| 020 ## - INTERNATIONAL STANDARD BOOK NUMBER | |
| International Standard Book Number | 9781845537401 (hb) |
| 020 ## - INTERNATIONAL STANDARD BOOK NUMBER | |
| International Standard Book Number | 9781845537418 (pbk.) |
| 040 ## - CATALOGING SOURCE | |
| Original cataloging agency | DLC |
| Transcribing agency | DLC |
| 050 00 - LIBRARY OF CONGRESS CALL NUMBER | |
| Classification number | BL51 |
| Item number | .P28 2011 |
| 082 00 - DEWEY DECIMAL CLASSIFICATION NUMBER | |
| Classification number | 200.19 |
| Edition number | 22 |
| 245 00 - TITLE STATEMENT | |
| Title | Past minds : |
| Remainder of title | studies in cognitive historiography / |
| Statement of responsibility, etc. | edited by Luther H. Martin and Jesper Sørensen. |
| 260 ## - PUBLICATION, DISTRIBUTION, ETC. | |
| Place of publication, distribution, etc. | London ; |
| -- | Oakville, CT : |
| Name of publisher, distributor, etc. | Equinox Pub. Ltd., |
| Date of publication, distribution, etc. | 2011. |
| 300 ## - PHYSICAL DESCRIPTION | |
| Extent | xiii, 206 p. : |
| Other physical details | ill. ; |
| Dimensions | 26 cm. |
| 490 0# - SERIES STATEMENT | |
| Series statement | Religion, cognition, and culture |
| 504 ## - BIBLIOGRAPHY, ETC. NOTE | |
| Bibliography, etc. note | Includes bibliographical references and index. |
| 505 0# - FORMATTED CONTENTS NOTE | |
| Formatted contents note | Preface / Luther H. Martin, Jesper Sorensen -- Introduction -- Past minds : evolution, cognition and history / Luther H. Martin -- Cognitive history and cultural epidemiology / Christophe Heintz, Konrad Lorenz -- Minds and ancient civilizations -- Technology and past minds : the case of Jewish niche construction / Gabriel Levy -- Illuminatory of the wide earth, strong weapon of the gods, unbribable judge : intuitive ontologies and the use of divine epithets in Assyro-Bablylonian texts / Peter Westh -- Cultural stability and the ideal landscape : the symbolism of trees and plants in Maya culture / Christian Prager -- No time to philosophize : Norwegian oral tradition and the cognitive economics of belief / Dirk Johannsen -- Roman minds -- Prisons of the longue dure : the circulation and acceptance of prodigia in Roman antiquity / Anders Lisdorf -- What might cognitive science contribute to our understanding of the roman cult of mithras? / Alef Chalupa -- Do the multiple initiations of Lucius in Apuleius' metamorphoses falsify the ritual form hypothesis? / Douglass Gragg -- Religion explained : Lucian and the cognitive study of religion / Ulrich Berner -- Magic and mind in early Christianity / Istvan Czachesz -- Conclusion -- Beneath the surface of history / Donald Wiebe -- Past minds : present historiography and cognitive science / Jesper Sorensen. |
| 650 #0 - SUBJECT ADDED ENTRY--TOPICAL TERM | |
| Topical term or geographic name entry element | Religion. |
| 650 #0 - SUBJECT ADDED ENTRY--TOPICAL TERM | |
| Topical term or geographic name entry element | Cognition and culture. |
| 700 1# - ADDED ENTRY--PERSONAL NAME | |
| Personal name | Martin, Luther H., |
| Dates associated with a name | 1937- |
| 700 1# - ADDED ENTRY--PERSONAL NAME | |
| Personal name | Sørensen, Jesper, |
| Dates associated with a name | 1968- |
| 906 ## - LOCAL DATA ELEMENT F, LDF (RLIN) | |
| a | 7 |
| b | cbc |
| c | orignew |
| d | 1 |
| e | ecip |
| f | 20 |
| g | y-gencatlg |
| 942 ## - ADDED ENTRY ELEMENTS (KOHA) | |
| Source of classification or shelving scheme | |
| Koha item type | Book |
| Withdrawn status | Lost status | Damaged status | Not for loan | Collection code | Permanent Location | Current Location | Shelving location | Date acquired | Total Checkouts | Full call number | Barcode | Date last seen | Date last checked out | Price effective from | Koha item type |
|---|---|---|---|---|---|---|---|---|---|---|---|---|---|---|---|
| Centre for International Peace & Stability (CIPS) | Centre for International Peace & Stability (CIPS) | General Stacks | 08/15/2013 | 1 | 200.19 PAS 2011 | CIPS0000644 | 06/04/2025 | 05/30/2025 | 08/15/2013 | Book |
